<?xml version="1.0" encoding="UTF-8"?>
<record
    xmlns:xsi="http://www.w3.org/2001/XMLSchema-instance"
    xsi:schemaLocation="http://www.loc.gov/MARC21/slim http://www.loc.gov/standards/marcxml/schema/MARC21slim.xsd"
    xmlns="http://www.loc.gov/MARC21/slim">

  <leader>01851nam a2200301 a 4500</leader>
  <controlfield tag="001">000017397</controlfield>
  <controlfield tag="003">DO-SdBNP</controlfield>
  <controlfield tag="005">20260520134652.0</controlfield>
  <controlfield tag="007">000017397</controlfield>
  <controlfield tag="008">100324t 2009    dr            001 e spa d</controlfield>
  <datafield tag="020" ind1=" " ind2=" ">
    <subfield code="a">9789945427639</subfield>
  </datafield>
  <datafield tag="040" ind1=" " ind2=" ">
    <subfield code="a">BPMSU</subfield>
    <subfield code="b">spa</subfield>
    <subfield code="c">BPMSU</subfield>
  </datafield>
  <datafield tag="082" ind1=" " ind2=" ">
    <subfield code="b">A676t 2009</subfield>
    <subfield code="a">Cu864.44</subfield>
    <subfield code="2">22</subfield>
  </datafield>
  <datafield tag="092" ind1=" " ind2=" ">
    <subfield code="a"> </subfield>
    <subfield code="b"> </subfield>
  </datafield>
  <datafield tag="100" ind1="1" ind2=" ">
    <subfield code="a">Ardav&#xED;n Trabanco, Carlos X.</subfield>
  </datafield>
  <datafield tag="245" ind1="1" ind2="3">
    <subfield code="a">La torre de los panoramas : </subfield>
    <subfield code="b">escritos sobre literatura dominicana /</subfield>
    <subfield code="c">Carlos X. Ardav&#xED;n Trabanco.</subfield>
  </datafield>
  <datafield tag="260" ind1=" " ind2=" ">
    <subfield code="a">Santo Domingo :</subfield>
    <subfield code="b">Secretar&#xED;a de Estado de Cultura,</subfield>
    <subfield code="c">2009</subfield>
    <subfield code="f"> </subfield>
  </datafield>
  <datafield tag="300" ind1=" " ind2=" ">
    <subfield code="a">114 p. ;</subfield>
    <subfield code="c">23 cm.</subfield>
  </datafield>
  <datafield tag="490" ind1="0" ind2=" ">
    <subfield code="a">Fr&#xE1;gil</subfield>
    <subfield code="v">10</subfield>
  </datafield>
  <datafield tag="500" ind1=" " ind2=" ">
    <subfield code="a">Incluye datos biogr&#xE1;ficos del autor en la solapa de la cubierta</subfield>
  </datafield>
  <datafield tag="504" ind1=" " ind2=" ">
    <subfield code="a">Bibliograf&#xED;a : p. 109-114.</subfield>
  </datafield>
  <datafield tag="505" ind1="0" ind2=" ">
    <subfield code="t">Andr&#xE9;s L. Mateo o la persistencia de la memoria --</subfield>
    <subfield code="t">Rep&#xFA;blica Dominicana invertebrada --</subfield>
    <subfield code="t">Memoria de Alberto Baeza Flores --</subfield>
    <subfield code="t">Tres visiones sobre periodismo y literatura --</subfield>
    <subfield code="t">Julia &#xC1;lvarez y la literatura dominicana --</subfield>
    <subfield code="t">Enso&#xF1;aciones de un poeta puro --</subfield>
    <subfield code="t">La celebraci&#xF3;n dominicana de la palabra --</subfield>
    <subfield code="t">Confesiones y observaciones de un poeta pensador --</subfield>
    <subfield code="t">Notas sobre poes&#xED;a de Giovanni Di Pietro --</subfield>
    <subfield code="t">Sistema referido a Jos&#xE9; M&#xE1;rmol --</subfield>
    <subfield code="t">El b&#xFA;ho y la luna: las cavilaciones de un poeta --</subfield>
    <subfield code="t">Los sonetos de Le&#xF3;n David --</subfield>
    <subfield code="t">La poes&#xED;a de Alex Ferreras --</subfield>
    <subfield code="t">Los aforismos de Jos&#xE9; M&#xE1;rmol --</subfield>
    <subfield code="t">Breve retrato de Di&#xF3;genes C&#xE9;spedes --</subfield>
    <subfield code="t">Pedro Henr&#xED;quez Ure&#xF1;a y Jorge Luis Borges --</subfield>
    <subfield code="t">Tres calas en la poes&#xED;a dominicana de principios de siglo --</subfield>
    <subfield code="t">Reflexiones circunstanciales --</subfield>
    <subfield code="g">Ep&#xED;logo:</subfield>
    <subfield code="t">Carlos X. Ardav&#xED;n y la literatura: una entrevista al escritor --</subfield>
    <subfield code="t">Bibliograf&#xED;a --</subfield>
    <subfield code="t">Procedencia de los textos.</subfield>
  </datafield>
  <datafield tag="650" ind1=" " ind2="7">
    <subfield code="a">Ensayos cubanos </subfield>
  </datafield>
  <datafield tag="650" ind1=" " ind2="7">
    <subfield code="a"> Literatura cubana</subfield>
    <subfield code="x"> </subfield>
  </datafield>
  <datafield tag="650" ind1=" " ind2="7">
    <subfield code="a"> Autores dominicanos </subfield>
    <subfield code="x">Cr&#xED;tica e interpretaci&#xF3;n </subfield>
  </datafield>
  <datafield tag="910" ind1=" " ind2=" ">
    <subfield code="a">VMateo v. </subfield>
  </datafield>
  <datafield tag="942" ind1=" " ind2=" ">
    <subfield code="2">ddc</subfield>
    <subfield code="c">BK</subfield>
  </datafield>
  <datafield tag="952" ind1=" " ind2=" ">
    <subfield code="0">0</subfield>
    <subfield code="1">0</subfield>
    <subfield code="2">ddc</subfield>
    <subfield code="4">0</subfield>
    <subfield code="7">0</subfield>
    <subfield code="8">CD</subfield>
    <subfield code="a">BPMET</subfield>
    <subfield code="b">BPMET</subfield>
    <subfield code="d">2015-08-10</subfield>
    <subfield code="e"> </subfield>
    <subfield code="o">BPMSU CD Cu864.44 A676t 2009</subfield>
    <subfield code="p">BPMSU15080251</subfield>
    <subfield code="r">2015-08-10</subfield>
    <subfield code="t"> </subfield>
    <subfield code="w">2015-08-10</subfield>
    <subfield code="y">BK</subfield>
  </datafield>
  <datafield tag="952" ind1=" " ind2=" ">
    <subfield code="0">0</subfield>
    <subfield code="1">0</subfield>
    <subfield code="2">ddc</subfield>
    <subfield code="4">0</subfield>
    <subfield code="7">0</subfield>
    <subfield code="8">CD</subfield>
    <subfield code="a">BPMET</subfield>
    <subfield code="b">BPMET</subfield>
    <subfield code="d">2015-08-10</subfield>
    <subfield code="e"> </subfield>
    <subfield code="o">BPMSU CD Cu864.44 A676t 2009</subfield>
    <subfield code="p">BPMSU21110117</subfield>
    <subfield code="r">2021-11-24</subfield>
    <subfield code="t">e.2</subfield>
    <subfield code="w">2015-08-10</subfield>
    <subfield code="y">BK</subfield>
  </datafield>
  <datafield tag="952" ind1=" " ind2=" ">
    <subfield code="0">0</subfield>
    <subfield code="1">0</subfield>
    <subfield code="2">ddc</subfield>
    <subfield code="4">0</subfield>
    <subfield code="7">0</subfield>
    <subfield code="8">CD</subfield>
    <subfield code="a">BPMET</subfield>
    <subfield code="b">BPMET</subfield>
    <subfield code="d">2015-08-10</subfield>
    <subfield code="e"> </subfield>
    <subfield code="l">0</subfield>
    <subfield code="o">BPMSU CD Cu864.44 A676t 2009</subfield>
    <subfield code="p">BPMSU26050092</subfield>
    <subfield code="r">2026-05-20</subfield>
    <subfield code="t">e.3</subfield>
    <subfield code="w">2015-08-10</subfield>
    <subfield code="y">BK</subfield>
  </datafield>
  <datafield tag="999" ind1=" " ind2=" ">
    <subfield code="c">8146</subfield>
    <subfield code="d">8146</subfield>
  </datafield>
</record>
